000
00306pab a2200133 454500
008
180718b1991 xxu||||| |||| 00| 0 eng d
245
_a
Energy sixth person an Indian (census - 1991)
260
_c
1991
300
_a
4-8
362
_a
31 May
650
_a
Census - India
773
_a
Yojana
909
_a
5202
999
_c
5202
_d
5202